[Event "Hong Kong op"]
[Site "Hong Kong"]
[Date "2023.12.25"]
[Round "2"]
[White "Castrillon Gomez, Melissa"]
[Black "Pang, Khai Jie Ryan"]
[Result "1/2-1/2"]
[WhiteElo "2181"]
[BlackElo "1711"]
[PlyCount "78"]
[EventDate "2023.12.24"]
[EventType "swiss"]
[EventRounds "9"]
[EventCountry "HKG"]
[SourceTitle "CB01_2024"]
[SourceDate "2024.01.03"]
[SourceVersion "1"]
[SourceVersionDate "2024.01.03"]
[SourceQuality "1"]

1. d4 Nf6 2. c4 e6 3. Nf3 d5 4. g3 Be7 5. Bg2 0-0 6. 0-0 Nbd7 7. Qc2 a5 8. b3 a4 9. Bb2 axb3 10. axb3 Rxa1 11. Bxa1 b6 12. Nc3 Bb7 13. Rd1 c6 14. e4 dxe4 15. Ng5 Qc7 16. Ngxe4 Rd8 17. Qe2 Kf8 18. f4 Nxe4 19. Nxe4 Nf6 20. Bc3 Rd7 21. Re1 Nxe4 22. Bxe4 Bf6 23. f5 c5 24. fxe6 Re7 25. Bxb7 Qxb7 26. Qf2 Qc8 27. Rc1 Qxe6 28. d5 Bxc3 29. dxe6 Bd4 30. Qxd4 cxd4 31. Rd1 Rxe6 32. Rxd4 Re3 33. b4 Ke7 34. Kg2 Rc3 35. h4 h5 36. Rd5 Rxc4 37. Rb5 Rc6 38. Rxh5 Rf6 39. Rd5 Rd6 1/2-1/2

[Event "FIDE World Cup (Women)"]
[Site "Baku"]
[Date "2023.08.01"]
[Round "1.3"]
[White "Cyfka, Karina"]
[Black "Castrillon Gomez, Melissa"]
[Result "1-0"]
[WhiteElo "2356"]
[BlackElo "2235"]
[PlyCount "137"]
[EventDate "2023.07.30"]
[EventType "k.o."]
[EventRounds "7"]
[EventCountry "AZE"]
[SourceTitle "EXT 2024"]
[Source "ChessBase"]
[SourceDate "2023.10.10"]
[SourceVersion "1"]
[SourceVersionDate "2023.10.10"]
[SourceQuality "1"]

1. d4 d5 2. c4 e6 3. Nc3 Nf6 4. Bg5 dxc4 5. e3 a6 6. Bxc4 b5 7. Bb3 Bb7 8. Nf3 Be7 9. 0-0 Nbd7 10. Qe2 c5 11. Rfd1 cxd4 12. Nxd4 Qb6 13. a3 0-0 14. Bc2 Qc5 15. Bh4 Ne5 16. Rac1 Ng6 17. Bg3 Qh5 18. Qxh5 Nxh5 19. Bxg6 hxg6 20. Nxe6 fxe6 21. Rd7 Bxa3 22. bxa3 Rf7 23. Rcd1 Rxd7 24. Rxd7 Rc8 25. Be5 Bd5 26. f3 Bc4 27. Ra7 Nf6 28. Bxf6 gxf6 29. Ne4 f5 30. Nf6+ Kf8 31. Nd7+ Kg8 32. Ne5 Rd8 33. Rxa6 Kg7 34. Ra7+ Kg8 35. Nxg6 Rd1+ 36. Kf2 Rd2+ 37. Kg3 Ra2 38. Ne5 Bf1 39. Nc6 Rxg2+ 40. Kf4 Rxh2 41. Kg5 Rh7 42. Ne7+ Kf8 43. Ng6+ Kg8 44. Ra8+ Kf7 45. Ra7+ Kg8 46. Rxh7 Kxh7 47. Nf8+ Kg7 48. Nxe6+ Kf7 49. Nd4 Bd3 50. Nxf5 Ke6 51. Nd4+ Kd5 52. Kf6 Kc4 53. Ke5 Bf1 54. Ke4 Kc3 55. Kd5 Kd3 56. e4 Ke3 57. e5 Bc4+ 58. Kc5 Kf4 59. Kd6 Ke3 60. Nc6 Kxf3 61. e6 Ke4 62. e7 Bf7 63. Na7 Kd4 64. Nxb5+ Kc4 65. Nc7 Kb3 66. Ke5 Kxa3 67. Kf6 Bh5 68. Nb5+ Kb4 69. Nd6 1-0

[Event "COL-chT (Women)"]
[Site "Santa Marta"]
[Date "2022.11.04"]
[Round "4.1"]
[White "Garcia, Karen Geraldin"]
[Black "Castrillon Gomez, Melissa"]
[Result "0-1"]
[WhiteElo "1402"]
[BlackElo "2230"]
[PlyCount "74"]
[EventDate "2022.11.02"]
[EventType "team-swiss"]
[EventRounds "7"]
[EventCountry "COL"]
[SourceTitle "CBM 211 Extra"]
[Source "ChessBase"]
[SourceDate "2023.01.31"]
[SourceVersion "1"]
[SourceVersionDate "2023.01.31"]
[SourceQuality "1"]
[WhiteTeam "Boyaca (W)"]
[BlackTeam "Antioquia (W)"]
[WhiteTeamCountry "COL"]
[BlackTeamCountry "COL"]

1. e4 c5 2. c3 d5 3. exd5 Qxd5 4. d4 Nc6 5. Nf3 Bf5 6. Be3 cxd4 7. Nxd4 e6 8. Qa4 Nf6 9. Be2 Be7 10. Nxc6 bxc6 11. Nd2 0-0 12. 0-0 Qd7 13. Bf3 Nd5 14. Bd4 Rfc8 15. Rad1 Nb6 16. Qa5 Bc2 17. Rc1 Bd3 18. Rfd1 Nd5 19. Nb3 Bc4 20. Be5 Qb7 21. Nd2 Bd3 22. Qa4 Bg5 23. Bxg7 Kxg7 24. Qd4+ f6 25. Qxd3 Rd8 26. Qe4 Qxb2 27. Rc2 Qb7 28. Qxe6 Nf4 29. Qg4 h5 30. Qg3 h4 31. Qg4 Ng6 32. g3 Ne5 33. Qf5 Qc8 34. Qe4 h3 35. Nc4 Nxc4 36. Qxc4 Qf5 37. Be4 Rxd1+ 0-1

[Event "COL-chT (Women)"]
[Site "Santa Marta"]
[Date "2022.11.03"]
[Round "2.1"]
[White "Munoz Monroy, Cinthya Carolina"]
[Black "Castrillon Gomez, Melissa"]
[Result "0-1"]
[WhiteElo "1938"]
[BlackElo "2230"]
[PlyCount "74"]
[EventDate "2022.11.02"]
[EventType "team-swiss"]
[EventRounds "7"]
[EventCountry "COL"]
[SourceTitle "CBM 211 Extra"]
[Source "ChessBase"]
[SourceDate "2023.01.31"]
[SourceVersion "1"]
[SourceVersionDate "2023.01.31"]
[SourceQuality "1"]
[WhiteTeam "Antioquia (W) II"]
[BlackTeam "Antioquia (W)"]
[WhiteTeamCountry "COL"]
[BlackTeamCountry "COL"]

1. e4 e5 2. Nf3 Nc6 3. d4 exd4 4. Bc4 Nf6 5. e5 d5 6. Bb5 Ne4 7. Nxd4 Bc5 8. 0-0 0-0 9. Bxc6 bxc6 10. Be3 Bxd4 11. Qxd4 c5 12. Qd3 Bf5 13. Bxc5 Re8 14. Bd4 Qd7 15. Qe3 c5 16. Bxc5 Nxc5 17. Qxc5 Rac8 18. Qd6 Rxc2 19. Nc3 d4 20. Nd5 Qb7 21. Rac1 Rxc1 22. Rxc1 Qxb2 23. Ne7+ Kh8 24. Rd1 Bd3 25. Qd7 Bb5 26. Qb7 d3 27. Nd5 Qe2 28. Ne3 d2 29. h3 Ba4 30. Qxf7 Rg8 31. Rxd2 Qxd2 32. e6 Qxa2 33. Nf5 Be8 34. Nh6 Qa1+ 35. Kh2 gxh6 36. Qf4 Bc6 37. f3 Qb2 0-1

[Event "COL-chT Rapid (Women)"]
[Site "Santa Marta"]
[Date "2022.11.02"]
[Round "1.1"]
[White "Castrillon Gomez, Melissa"]
[Black "Marquez Paso, Carla Paola"]
[Result "1-0"]
[WhiteElo "2145"]
[BlackElo "1496"]
[PlyCount "109"]
[EventDate "2022.11.02"]
[EventType "team-swiss"]
[EventRounds "7"]
[EventCountry "COL"]
[SourceTitle "CBM 211 Extra"]
[Source "ChessBase"]
[SourceDate "2023.01.31"]
[SourceVersion "1"]
[SourceVersionDate "2023.01.31"]
[SourceQuality "1"]
[WhiteTeam "Antioquia (W)"]
[BlackTeam "Magdalena (W)"]
[WhiteTeamCountry "COL"]
[BlackTeamCountry "COL"]

1. d4 Nf6 2. c4 e6 3. g3 c6 4. Bg2 d5 5. Nf3 Be7 6. 0-0 0-0 7. Qc2 Qc7 8. Bf4 Qa5 9. Nc3 Nbd7 10. e4 dxe4 11. Nxe4 Nxe4 12. Qxe4 Qf5 13. Qxf5 exf5 14. Rfe1 Bf6 15. Rad1 Nb6 16. b3 Be6 17. a4 Rfd8 18. a5 Nd7 19. d5 cxd5 20. cxd5 Bxd5 21. Rxd5 g6 22. Bc7 Re8 23. Rxd7 Rxe1+ 24. Nxe1 Re8 25. Nd3 b6 26. axb6 axb6 27. Bxb6 Rb8 28. Rb7 Rxb7 29. Bxb7 Be7 30. Bc5 Bxc5 31. Nxc5 Kf8 32. Bd5 f6 33. b4 Ke7 34. f4 Kd6 35. Bg8 h6 36. Bh7 g5 37. Bxf5 Kc6 38. Bd7+ Kb6 39. Kf2 gxf4 40. gxf4 h5 41. h4 Kc7 42. Be8 Kd8 43. Bxh5 Kc7 44. Bf3 Kb6 45. h5 Kb5 46. h6 Kxb4 47. h7 Kxc5 48. h8Q f5 49. Qe5+ Kc4 50. Qd5+ Kc3 51. Ke2 Kb4 52. Kd3 Ka3 53. Qb7 Ka4 54. Kc4 Ka5 55. Qb5# 1-0

[Event "Budapest Vezerkepzo IM 07"]
[Site "Budapest"]
[Date "2022.07.20"]
[Round "3"]
[White "Castrillon Gomez, Melissa"]
[Black "Mirzoev, Azer"]
[Result "0-1"]
[WhiteElo "2230"]
[BlackElo "2424"]
[PlyCount "116"]
[EventDate "2022.07.18"]
[EventType "tourn"]
[EventRounds "9"]
[EventCountry "HUN"]
[SourceTitle "CBM 209 Extra"]
[Source "ChessBase"]
[SourceDate "2022.09.30"]
[SourceVersion "1"]
[SourceVersionDate "2022.09.30"]
[SourceQuality "1"]

1. d4 d5 2. c4 e6 3. g3 Nf6 4. Bg2 Bb4+ 5. Bd2 Be7 6. Nf3 0-0 7. 0-0 Nbd7 8. Qc2 c6 9. Rd1 b6 10. Bf4 Bb7 11. Nc3 dxc4 12. Nd2 Nd5 13. Nxc4 Nxf4 14. gxf4 Qc7 15. e3 Rad8 16. Ne5 Nxe5 17. dxe5 c5 18. Ne4 h6 19. Rxd8 Rxd8 20. Rd1 Rxd1+ 21. Qxd1 b5 22. Qg4 Kf8 23. f5 Qxe5 24. fxe6 Qxe6 25. Qf4 Qd7 26. Qb8+ Bc8 27. Nc3 a6 28. Nd5 Bd6 29. Qb6 Kg8 30. Bf3 Bf8 31. Qb8 Qf5 32. Ne7+ Bxe7 33. Bb7 Qb1+ 34. Kg2 Qxa2 35. Qxc8+ Bf8 36. Qd7 Qxb2 37. Bxa6 b4 38. Bc4 Qf6 39. Qd5 g6 40. f4 Qf5 41. Kf3 Qxd5+ 42. Bxd5 Kg7 43. e4 f6 44. e5 f5 45. Ke2 Be7 46. Kd3 Bh4 47. Kc4 Bf2 48. h3 Be3 49. Kb5 Kf8 50. Kc6 Ke7 51. Bc4 Bxf4 52. Kxc5 Bd2 53. Kd5 Bc3 54. Bb3 h5 55. Bc2 Bd2 56. Bb3 g5 57. e6 g4 58. hxg4 hxg4 0-1

[Event "Pereira Gildardo Garcia Memorial-A"]
[Site "Pereira"]
[Date "2022.05.22"]
[Round "10"]
[White "Castrillon Gomez, Melissa"]
[Black "Zuluaga Mancilla, Cesar"]
[Result "1-0"]
[WhiteElo "2198"]
[BlackElo "2221"]
[PlyCount "95"]
[EventDate "2022.05.18"]
[EventType "swiss"]
[EventRounds "10"]
[EventCountry "COL"]
[SourceTitle "CBM 208 Extra"]
[Source "ChessBase"]
[SourceDate "2022.07.31"]
[SourceVersion "1"]
[SourceVersionDate "2022.07.31"]
[SourceQuality "1"]

1. Nf3 Nf6 2. c4 e6 3. g3 b6 4. Bg2 Bb7 5. 0-0 c5 6. b3 Be7 7. Bb2 Nc6 8. d4 cxd4 9. Nxd4 Na5 10. Nc3 Bxg2 11. Kxg2 0-0 12. e4 d6 13. Qe2 Rc8 14. Rad1 Qd7 15. f3 Qb7 16. Rd3 Rfd8 17. Rfd1 a6 18. Ba3 d5 19. Bxe7 dxc4 20. Bxd8 cxd3 21. Rxd3 Rxd8 22. b4 Nc6 23. Nxc6 Rxd3 24. Qxd3 Qxc6 25. Qxa6 h5 26. Qd3 h4 27. a4 hxg3 28. hxg3 Nh5 29. Ne2 g6 30. a5 bxa5 31. bxa5 Qa4 32. a6 Qa2 33. Qb5 Kh7 34. Kf2 Kh6 35. Qb6 g5 36. a7 g4 37. Qe3+ Kg6 38. fxg4 Nf6 39. Kf3 Nh7 40. Nf4+ Kg7 41. Nh5+ Kg6 42. Qf2 Qa4 43. Nf4+ Kh6 44. Qh2+ Kg7 45. Qb2+ Kh6 46. Qh8 Qb3+ 47. Kg2 Qa2+ 48. Kh3 1-0

[Event "Pereira Gildardo Garcia Memorial-A"]
[Site "Pereira"]
[Date "2022.05.21"]
[Round "8"]
[White "Marin, Sebastian"]
[Black "Castrillon Gomez, Melissa"]
[Result "0-1"]
[WhiteElo "2315"]
[BlackElo "2198"]
[PlyCount "66"]
[EventDate "2022.05.18"]
[EventType "swiss"]
[EventRounds "10"]
[EventCountry "COL"]
[SourceTitle "CBM 208 Extra"]
[Source "ChessBase"]
[SourceDate "2022.07.31"]
[SourceVersion "1"]
[SourceVersionDate "2022.07.31"]
[SourceQuality "1"]

1. e4 c5 2. Nf3 Nc6 3. d4 cxd4 4. Nxd4 e5 5. Nb5 d6 6. N1c3 a6 7. Na3 b5 8. Nd5 Nce7 9. c4 Nxd5 10. exd5 bxc4 11. Nxc4 Be7 12. a4 Nf6 13. a5 Nd7 14. Be3 0-0 15. Be2 Bg5 16. Bb6 Nxb6 17. Nxb6 Ra7 18. 0-0 f5 19. Ra3 e4 20. Qc2 Rc7 21. Bc4 Re7 22. Re1 f4 23. Rxe4 Bf5 24. Bd3 Bxe4 25. Bxe4 f3 26. g3 Rc7 27. Rc3 Rxc3 28. bxc3 Qe8 29. h4 Bxh4 30. Bxh7+ Kh8 31. Qe4 Bxg3 32. fxg3 f2+ 33. Kf1 Qh5 0-1

[Event "Pereira Gildardo Garcia Memorial-A"]
[Site "Pereira"]
[Date "2022.05.18"]
[Round "2"]
[White "Orbe Vivero, Veronica Priscila"]
[Black "Castrillon Gomez, Melissa"]
[Result "1/2-1/2"]
[WhiteElo "1636"]
[BlackElo "2198"]
[PlyCount "93"]
[EventDate "2022.05.18"]
[EventType "swiss"]
[EventRounds "10"]
[EventCountry "COL"]
[SourceTitle "CBM 208 Extra"]
[Source "ChessBase"]
[SourceDate "2022.07.31"]
[SourceVersion "1"]
[SourceVersionDate "2022.07.31"]
[SourceQuality "1"]

1. e4 e5 2. Nf3 Nc6 3. Bb5 a6 4. Ba4 Nf6 5. d3 d6 6. c3 g6 7. 0-0 Bg7 8. Nbd2 0-0 9. Re1 b5 10. Bc2 d5 11. a4 Rb8 12. axb5 axb5 13. Nb3 h6 14. h3 Re8 15. d4 dxe4 16. Nxe5 Nxe5 17. dxe5 Qxd1 18. Rxd1 Nd7 19. Bxe4 Nxe5 20. Ra7 b4 21. Nd4 bxc3 22. bxc3 c5 23. Nc6 Rb7 24. Ra8 Rd7 25. Rf1 Nc4 26. Bf3 Kh7 27. Bf4 Nd2 28. Bxd2 Rxd2 29. c4 Bd7 30. Rxe8 Bxe8 31. Re1 Bxc6 32. Bxc6 Bd4 33. Rf1 f5 34. g4 Kg7 35. gxf5 gxf5 36. Kg2 Kg6 37. Kg3 Rd3+ 38. Kg2 Kg5 39. f4+ Kf6 40. Rf3 Rd2+ 41. Kg3 Rc2 42. Bd5 Bc3 43. Re3 Bd2 44. Re6+ Kg7 45. Re7+ Kg6 46. Re6+ Kg7 47. Re7+ 1/2-1/2

[Event "Catalunya-chT Gp1"]
[Site "Barcelona"]
[Date "2022.02.26"]
[Round "6.6"]
[White "Castrillon Gomez, Melissa"]
[Black "Almeida Toledano, Daniel"]
[Result "1/2-1/2"]
[WhiteElo "2177"]
[BlackElo "2241"]
[PlyCount "60"]
[EventDate "2022.01.22"]
[EventType "team-tourn"]
[EventRounds "9"]
[EventCountry "ESP"]
[SourceTitle "CBM 208 Extra"]
[Source "ChessBase"]
[SourceDate "2022.07.31"]
[SourceVersion "1"]
[SourceVersionDate "2022.07.31"]
[SourceQuality "1"]
[WhiteTeam "Badalona Cor de Marina"]
[BlackTeam "Foment Martinenc"]
[WhiteTeamCountry "ESP"]
[BlackTeamCountry "ESP"]

1. d4 Nf6 2. c4 g6 3. Nc3 d5 4. cxd5 Nxd5 5. e4 Nxc3 6. bxc3 Bg7 7. Bc4 c5 8. Ne2 0-0 9. 0-0 Nc6 10. Be3 Bg4 11. f3 Bd7 12. Rb1 Rc8 13. Bd3 Na5 14. Qd2 a6 15. dxc5 e5 16. c4 Re8 17. Rb6 Be6 18. Rd1 Nxc4 19. Bxc4 Qxd2 20. Rxd2 Bxc4 21. Nc3 Bf8 22. Nd5 Re6 23. Rxb7 Bxc5 24. Bxc5 Rxc5 25. Rc2 Rb5 26. Rd7 Bxd5 27. exd5 Rf6 28. Kf2 e4 29. Rc6 Rf5 30. Rxa6 exf3 1/2-1/2

[Event "Catalunya-chT Gp1"]
[Site "Barcelona"]
[Date "2022.02.12"]
[Round "4.7"]
[White "Castrillon Otero, Javier"]
[Black "Castrillon Gomez, Melissa"]
[Result "0-1"]
[WhiteElo "2041"]
[BlackElo "2177"]
[PlyCount "94"]
[EventDate "2022.01.22"]
[EventType "team-tourn"]
[EventRounds "9"]
[EventCountry "ESP"]
[SourceTitle "CBM 208 Extra"]
[Source "ChessBase"]
[SourceDate "2022.07.31"]
[SourceVersion "1"]
[SourceVersionDate "2022.07.31"]
[SourceQuality "1"]
[WhiteTeam "Gerunda"]
[BlackTeam "Badalona Cor de Marina"]
[WhiteTeamCountry "ESP"]
[BlackTeamCountry "ESP"]

1. d4 d5 2. c4 e6 3. Nc3 Be7 4. cxd5 exd5 5. Qc2 g6 6. Bf4 c6 7. e3 Bf5 8. Qb3 Qb6 9. Qxb6 axb6 10. Nge2 Na6 11. Ng3 Be6 12. h4 Kd7 13. Be2 h5 14. Rc1 Nh6 15. Bd3 Nb4 16. Bb1 Nf5 17. a3 Nxg3 18. Bxg3 Na6 19. 0-0 b5 20. e4 dxe4 21. Nxe4 Rhd8 22. Ng5 Bd5 23. Rfe1 b4 24. a4 b3 25. Be4 Bxg5 26. hxg5 Nb4 27. Bxd5 Nxd5 28. Rc4 Re8 29. Be5 Ra5 30. Rd1 Rea8 31. Rd3 Rxa4 32. Rxa4 Rxa4 33. Rxb3 Rb4 34. Rxb4 Nxb4 35. Bg7 Nd3 36. b3 Ke6 37. Kf1 Kd5 38. f3 b5 39. Bf6 Nc1 40. b4 Nd3 41. Be7 Kxd4 42. Ke2 Kc4 43. Ke3 Nxb4 44. Ke4 Nd5 45. Ba3 Kc3 46. Ke5 b4 47. Bc1 Kc2 0-1

[Event "Catalunya-chT Gp1"]
[Site "Barcelona"]
[Date "2022.02.05"]
[Round "3.6"]
[White "Castrillon Gomez, Melissa"]
[Black "Martin Barcelo, Carles"]
[Result "1/2-1/2"]
[WhiteElo "2177"]
[BlackElo "2315"]
[PlyCount "154"]
[EventDate "2022.01.22"]
[EventType "team-tourn"]
[EventRounds "9"]
[EventCountry "ESP"]
[SourceTitle "CBM 206 Extra"]
[Source "ChessBase"]
[SourceDate "2022.03.31"]
[SourceVersion "1"]
[SourceVersionDate "2022.03.31"]
[SourceQuality "1"]
[WhiteTeam "Badalona Cor de Marina"]
[BlackTeam "Barcelona Escacs CC"]
[WhiteTeamCountry "ESP"]
[BlackTeamCountry "ESP"]

1. Nf3 Nf6 2. d4 g6 3. c4 Bg7 4. Nc3 0-0 5. e4 d6 6. h3 e5 7. d5 a5 8. Be3 Na6 9. Be2 Nd7 10. g4 Ndc5 11. Rg1 Kh8 12. h4 f5 13. Bg5 Qe8 14. gxf5 gxf5 15. Nd2 fxe4 16. Ndxe4 Bf5 17. Ng3 e4 18. Be3 Nb4 19. Nxf5 Rxf5 20. Rxg7 Nbd3+ 21. Kd2 Kxg7 22. Qh1 Kh8 23. Bd4+ Ne5 24. Nxe4 Rf4 25. f3 Nxe4+ 26. fxe4 Qg6 27. Bd3 Qg3 28. Bxe5+ dxe5 29. Rg1 Qf2+ 30. Be2 Qd4+ 31. Kc1 Qe3+ 32. Kd1 Rxe4 33. Qg2 Rd4+ 34. Kc2 Qe4+ 35. Kc3 Qxg2 36. Rxg2 Rxh4 37. Rg5 Rh3+ 38. Kd2 Re8 39. c5 Rh6 40. Ke3 Rg6 41. Rf5 Re7 42. Bh5 Rh6 43. Bf7 e4 44. Be6 c6 45. Rf8+ Kg7 46. Rg8+ Kf6 47. d6 Rxe6 48. d7 Rh3+ 49. Ke2 Rd3 50. d8Q+ Rxd8 51. Rxd8 Re7 52. Ra8 Ke5 53. Rxa5 Rg7 54. b4 Rg2+ 55. Ke3 Rg3+ 56. Kf2 Kf4 57. Ra8 e3+ 58. Kf1 Rf3+ 59. Ke1 Rh3 60. Rf8+ Ke4 61. Rf7 Rh1+ 62. Ke2 Rh2+ 63. Ke1 Kd3 64. Rd7+ Kc4 65. a3 Ra2 66. Rxh7 Rxa3 67. Rxb7 Rb3 68. Rc7 Kd3 69. Rd7+ Kc4 70. Rc7 Kb5 71. Rb7+ Ka4 72. Ke2 Rxb4 73. Rb6 Re4 74. Rxc6 Kb5 75. Rc8 Rc4 76. Kxe3 Rxc5 77. Rxc5+ Kxc5 1/2-1/2

[Event "COL-ch Blitz (Women)"]
[Site "Villavicencio"]
[Date "2021.11.15"]
[Round "8"]
[White "Castrillon Gomez, Melissa"]
[Black "Montilla Reyes, Jorcerys"]
[Result "1-0"]
[WhiteElo "2084"]
[BlackElo "2051"]
[PlyCount "146"]
[EventDate "2021.11.15"]
[EventType "swiss (blitz)"]
[EventRounds "13"]
[EventCountry "COL"]
[SourceTitle "CBM 205 Extra"]
[Source "ChessBase"]
[SourceDate "2022.01.31"]
[SourceVersion "1"]
[SourceVersionDate "2022.01.31"]
[SourceQuality "1"]

1. g3 d5 2. Bg2 c6 3. d3 Nf6 4. Nf3 Bf5 5. 0-0 e6 6. Nbd2 h6 7. c3 Be7 8. Qb3 Qb6 9. Nd4 Bg6 10. e4 Nbd7 11. Re1 Nc5 12. Qc2 0-0 13. b4 Na6 14. N2b3 Rac8 15. Be3 Qd8 16. Bd2 c5 17. bxc5 Nxc5 18. Nxc5 Bxc5 19. Qb3 e5 20. Nf3 Ng4 21. Re2 dxe4 22. dxe4 Qd3 23. Rae1 Rcd8 24. Bc1 Bxe4 25. Nxe5 Nxe5 26. Bxe4 Qd6 27. Bf4 Kh8 28. Bxe5 Qxe5 29. Bxb7 Qf6 30. Bg2 a5 31. c4 Rb8 32. Qf3 Qxf3 33. Bxf3 Rfd8 34. Bd5 f6 35. Kg2 Rd7 36. Re8+ Rxe8 37. Rxe8+ Kh7 38. Ra8 Bb4 39. Re8 g6 40. h4 Kg7 41. Rg8+ Kh7 42. Re8 Kg7 43. Re2 Kf8 44. Re6 Kg7 45. Ra6 Re7 46. Kf3 g5 47. hxg5 hxg5 48. a3 Be1 49. Re6 Rxe6 50. Bxe6 Kf8 51. Bd5 Ke7 52. Ke2 Bc3 53. Kd3 Bb2 54. a4 Kd6 55. Ke4 Kc5 56. Kd3 Bd4 57. f3 Bf2 58. g4 Bd4 59. Be6 Be5 60. Bd7 Bd4 61. Bb5 Be5 62. Ke4 Bd4 63. f4 gxf4 64. Kxf4 Bc3 65. Kf5 Be5 66. g5 Kd6 67. g6 Ke7 68. c5 Bd4 69. Bc4 Kf8 70. c6 Be5 71. Ke6 Kg7 72. Bd3 Kh6 73. Kf7 f5 1-0

[Event "COL-ch Blitz (Women)"]
[Site "Villavicencio"]
[Date "2021.11.15"]
[Round "3"]
[White "Dominguez, Laura Lucia"]
[Black "Castrillon Gomez, Melissa"]
[Result "1/2-1/2"]
[WhiteElo "2140"]
[BlackElo "2084"]
[PlyCount "63"]
[EventDate "2021.11.15"]
[EventType "swiss (blitz)"]
[EventRounds "13"]
[EventCountry "COL"]
[SourceTitle "CBM 205 Extra"]
[Source "ChessBase"]
[SourceDate "2022.01.31"]
[SourceVersion "1"]
[SourceVersionDate "2022.01.31"]
[SourceQuality "1"]

1. e4 c5 2. Nf3 Nc6 3. d4 cxd4 4. Nxd4 e5 5. Nb5 d6 6. c4 Be7 7. N5c3 f5 8. exf5 Bxf5 9. Bd3 Be6 10. 0-0 Nf6 11. Nd5 Nd4 12. Nbc3 0-0 13. Be3 Nf5 14. Nxe7+ Qxe7 15. Bg5 Nd4 16. Nd5 Bxd5 17. cxd5 Qf7 18. Be3 Qxd5 19. Rc1 Rac8 20. b3 Rxc1 21. Bxc1 Qc6 22. Bb2 Ne6 23. Re1 Nf4 24. Bf1 Ne4 25. Rxe4 Qxe4 26. g3 Ng6 27. Qxd6 Qf3 28. Qd2 Kh8 29. Bg2 Qf7 30. h4 Qe6 31. Qe2 Re8 32. Be4 1/2-1/2